000 01066nam a22002777a 4500
001 9269
003 FISKH
005 20251208160725.0
008 251208b cb ||||| |||| 00| 0 eng d
020 _a9788956353937
040 _aFISKH
_beng
_cFISKH
_dFISKH
050 _aPZ8.A54 P
082 _a 398.209489
100 _aAndersen, Hans Christian
245 _aThe princess and the pea
_cHans Christian Andersen
260 _aSeoul :
_bEfuture,
_c2009.
300 _a26 pages :
_bcolor illustrations ;
_c21 cm
490 _aMy first classic readers :
_vLevel 3-7
505 _aJ
520 _aHans Christian Andersen's classic The Princess and the Pea is a timeless story beloved for its bold princess and a little pea that ends up causing a big problem. Featuring beautiful illustrations filled with a bright array of colors, this charming Little Golden Book makes for a perfect bedtime read.
521 8 _a430
_bLexile estimate
521 8 _aJ
_bRaz-Plus
650 _aPrincess
_vLittle Golden Book
942 _2ddc
_cBK
_n0
999 _c9269
_d9269